| 000 | 01053nam a2200265 i 4500 | ||
|---|---|---|---|
| 001 | 6049 | ||
| 003 | ES-MaACL | ||
| 005 | 20251116063051.0 | ||
| 007 | t| | ||
| 008 | 890706s1987 mx ||||1| spa d | ||
| 020 | _a968-837-970-0 | ||
| 080 | _a9(72)"1820/1830" | ||
| 100 | 1 |
_aOrtega y Medina, Juan A., _d1913-1992 _987511 |
|
| 245 | 1 | 0 |
_aZaguan abierto al Mexico republicano _b: (1820-1830) / _cJuan A. Ortega y Medina. |
| 250 | _a1a ed. | ||
| 260 |
_aMexico : _bUniversidad Nacional Autonoma, _c1987. |
||
| 300 |
_aVIII, 216 p., 28 p. de lam., 2 h. pleg.,1 h. de map. ; _c23 cm. |
||
| 490 | 1 |
_aInstituto de Investigaciones Históricas. Serie historia moderna y contemporanea ; _v18 |
|
| 500 | _aDed. autogr. del autor. | ||
| 651 | 4 |
_aMéxico- _xHistoria- _y1820-1830. _99063 |
|
| 710 | 2 |
_aUniversidad Nacional Autónoma de México. _97397 |
|
| 830 | 0 |
_aInstituto de Investigaciones Históricas. Serie historia moderna y contemporanea ; _v18 _9227756 |
|
| 852 |
_aES-MaACL _jL-13182 _bR.116243 _z. - rust. |
||
| 999 |
_c6049 _d6049 |
||